[Event "Superbet Poland Rapid & Blitz"]
[Site "Warsaw POL"]
[Date "2024.05.10"]
[Round "9"]
[White "Arjun Erigaisi"]
[Black "Vincent Keymer"]
[Result "0-1"]
[EventDate "2024.05.08"]
[WhiteElo "2762"]
[BlackElo "2726"]
[PlyCount "132"]

1. e4 e5 2. Bc4 Nf6 3. d3 c6 4. Nf3 d5 5. Bb3 Bd6 6. O-O O-O 7. Nc3 d4 8. Ne2 c5 9. Ng3 Nc6 10. a4 Be6 11. Bxe6 fxe6 12. Bg5 Be7 13. c3 Nd7 14. Bd2 Qb6 15. Qb1 dxc3 16. bxc3 Qxb1 17. Raxb1 b6 18. Be3 c4 19. dxc4 Rfd8 20. Rfd1 Na5 21. c5 Nc4 22. c6 Nf8 23. Rxd8 Rxd8 24. a5 Nxa5 25. Nxe5 Bf6 26. Bd4 Bxe5 27. Bxe5 Nxc6 28. Bf4 Ng6 29. Bg5 Rd3 30. Rc1 Nge5 31. Kf1 Nc4 32. Ke2 Rd7 33. Nf1 h6 34. Be3 Kf7 35. f4 N6a5 36. Rb1 Na3 37. Rd1 Rxd1 38. Kxd1 N3c4 39. Kc2 a6 40. Kd3 b5 41. g4 Nb7 42. Nd2 Nxd2 43. Kxd2 Nd6 44. Kd3 Nc4 45. Bc1 e5 46. f5 a5 47. h4 a4 48. Kc2 Ke7 49. g5 hxg5 50. hxg5 g6 51. Kb1 Kf7 52. Kc2 Kg7 53. Kd3 a3 54. f6+ Kf7 55. Kc2 a2 56. Bb2 Nd6 57. Kb3 Nxe4 58. Kxa2 Nxg5 59. Kb3 Nf3 60. Kb4 g5 61. Kxb5 g4 62. c4 g3 63. Bc1 g2 64. Be3 g1=Q 65. Bxg1 Nxg1 66. c5 Nf3 0-1

[Event "Superbet Poland Rapid 2024"]
[Site "Warsaw POL"]
[Date "2024.05.09"]
[Round "4"]
[White "Jan-Krzysztof Duda"]
[Black "Arjun Erigaisi"]
[Result "1-0"]
[EventDate "2024.05.08"]
[WhiteElo "2734"]
[BlackElo "2762"]
[PlyCount "86"]

1. Nf3 Nf6 2. c4 e6 3. g3 d5 4. d4 dxc4 5. Bg2 a6 6. O-O Nc6 7. e3 Rb8 8. Qe2 b5 9. b3 cxb3 10. axb3 Bb7 11. Bb2 Be7 12. Rc1 O-O 13. Nbd2 Nb4 14. Ne5 Bxg2 15. Kxg2 Rb6 16. Ba3 Nd7 17. Ndf3 Nxe5 18. Nxe5 f6 19. Bxb4 Bxb4 20. Nc6 Qa8 21. Qf3 Bd6 22. Ra2 Qe8 23. h4 g6 24. Rac2 Kg7 25. Na5 e5 26. dxe5 fxe5 27. Qe4 Rf7 28. Nc6 Qa8 29. h5 Rf6 30. hxg6 Rxg6 31. Rh1 h6 32. Rh4 Rf6 33. Kg1 Qe8 34. f4 Re6 35. f5 Rf6 36. Nd4 Kh8 37. Ne6 Qf7 38. Qa8+ Qg8 39. Qe4 Qxg3+ 40. Rg2 Qe1+ 41. Kh2 Rb8 42. Qg4 e4+ 43. Nf4 1-0

[Event "Superbet Poland Rapid 2024"]
[Site "Warsaw POL"]
[Date "2024.05.09"]
[Round "5"]
[White "Arjun Erigaisi"]
[Black "Kirill Shevchenko"]
[Result "1-0"]
[EventDate "2024.05.08"]
[WhiteElo "2762"]
[BlackElo "2677"]
[PlyCount "86"]

1. c4 c6 2. Nf3 d5 3. e3 Nf6 4. Nc3 e6 5. b3 Bd6 6. Bb2 O-O 7. d4 Nbd7 8. Bd3 e5 9. cxd5 cxd5 10. dxe5 Nxe5 11. Be2 Nxf3+ 12. Bxf3 Be5 13. O-O Bf5 14. Qe2 Qa5 15. Nxd5 Bxb2 16. Ne7+ Kh8 17. Qxb2 Be6 18. e4 Rae8 19. b4 Qg5 20. Nf5 Bxf5 21. exf5 Ne4 22. Rfe1 Nd6 23. Qd4 Nxf5 24. Qxa7 Qd2 25. Red1 Qxb4 26. Qxb7 Qa3 27. g3 Rb8 28. Qd5 g6 29. Be4 Ng7 30. Qd3 Qa5 31. a4 Ne6 32. Bd5 Rb6 33. Qd2 Qxd2 34. Rxd2 Rd8 35. Rdd1 Nc5 36. Bf3 Rdb8 37. a5 Rf6 38. Be2 Re8 39. a6 Rfe6 40. Bc4 R6e7 41. Ra5 Rc7 42. Bd5 Ree7 43. a7 1-0

[Event "Superbet Poland Rapid 2024"]
[Site "Warsaw POL"]
[Date "2024.05.09"]
[Round "6"]
[White "Nodirbek Abdusattorov"]
[Black "Arjun Erigaisi"]
[Result "1/2-1/2"]
[EventDate "2024.05.08"]
[WhiteElo "2766"]
[BlackElo "2762"]
[PlyCount "142"]

1. e4 e5 2. Nf3 Nc6 3. Bc4 Nf6 4. d3 Bc5 5. c3 d6 6. O-O O-O 7. Re1 Bb6 8. h3 Ne7 9. Nbd2 c6 10. d4 Ng6 11. Bd3 exd4 12. cxd4 d5 13. exd5 cxd5 14. Nf1 Qd6 15. Ng3 Bd7 16. Bd2 Rfe8 17. Qb3 Bc6 18. Bb4 Qf4 19. Bd2 Qc7 20. Rac1 Ba5 21. Qc2 Bxd2 22. Qxd2 Qd6 23. Nf5 Qf4 24. Qxf4 Nxf4 25. Bf1 Rxe1 26. Rxe1 Kf8 27. Ne5 Ne6 28. Rd1 Rd8 29. f3 g6 30. Ne3 Ne8 31. Nc2 f6 32. Ng4 a5 33. h4 Rc8 34. Rd2 Kf7 35. g3 Nd6 36. Nge3 f5 37. Ng2 Bb5 38. Bxb5 Nxb5 39. Kf2 Ke7 40. h5 Nd6 41. Re2 Kf7 42. hxg6+ hxg6 43. Nge1 Rc4 44. Nd3 Kf6 45. Ne5 Rc8 46. Ne3 Nxd4 47. Nxd5+ Ke6 48. Nf4+ Kf6 49. Nd7+ Kf7 50. Rd2 Rc2 51. Rxc2 Nxc2 52. Ne5+ Kf6 53. Nfxg6 a4 54. f4 Ne4+ 55. Kf3 Nd4+ 56. Kg2 Ne2 57. Nf8 N2xg3 58. Kf3 Ke7 59. Nfd7 b5 60. Ke3 Kd6 61. Nb6 Nf6 62. Nc8+ Ke6 63. Na7 b4 64. Nac6 Nd5+ 65. Kf3 Ne4 66. Nd4+ Kf6 67. Nc4 a3 68. bxa3 bxa3 69. Nxa3 Nec3 70. Nc4 Nxa2 71. Nd6 Ne7 1/2-1/2

[Event "Superbet Poland Rapid 2024"]
[Site "Warsaw POL"]
[Date "2024.05.08"]
[Round "1"]
[White "Magnus Carlsen"]
[Black "Arjun Erigaisi"]
[Result "1/2-1/2"]
[EventDate "2024.05.08"]
[WhiteElo "2830"]
[BlackElo "2762"]
[PlyCount "100"]

1. e4 e6 2. d4 d5 3. exd5 exd5 4. h3 Nf6 5. Nf3 Bd6 6. Bd3 O-O 7. O-O Nc6 8. Nc3 h6 9. Nb5 Re8 10. Nxd6 Qxd6 11. c3 Ne4 12. Re1 Bf5 13. Be3 Re7 14. Bf1 Rae8 15. Rc1 a6 16. Qb3 b5 17. a4 Na5 18. Qb4 Nc4 19. b3 Nxe3 20. Rxe3 c6 21. Rce1 Qf4 22. g3 Qc7 23. axb5 axb5 24. Bg2 Re6 25. c4 bxc4 26. bxc4 Rb8 27. Qa3 Nd6 28. cxd5 Rxe3 29. Rxe3 Nc4 30. Re7 Nxa3 31. Rxc7 cxd5 32. Ne5 Be6 33. Rc5 Rb1+ 34. Kh2 Rb2 35. Bxd5 Rxf2+ 36. Kg1 Rd2 37. Nf3 Rd1+ 38. Kf2 Bxd5 39. Rxd5 Kf8 40. Rc5 Rb1 41. d5 Nb5 42. Nd2 Rb2 43. Ke3 Ke7 44. Rc6 Nd6 45. Rxd6 Rxd2 46. Rxh6 Rxd5 47. Ra6 Rb5 48. Ra7+ Ke6 49. Ra6+ Ke7 50. Ra7+ Ke6 1/2-1/2

[Event "Superbet Poland Rapid 2024"]
[Site "Warsaw POL"]
[Date "2024.05.08"]
[Round "2"]
[White "Anish Giri"]
[Black "Arjun Erigaisi"]
[Result "1/2-1/2"]
[EventDate "2024.05.08"]
[WhiteElo "2745"]
[BlackElo "2762"]
[PlyCount "112"]

1. c4 e6 2. Nc3 Nf6 3. d4 Bb4 4. e3 O-O 5. Bd2 b6 6. Bd3 d5 7. cxd5 exd5 8. Rc1 c5 9. Nge2 Ba6 10. Bxa6 Nxa6 11. Qa4 Nc7 12. dxc5 bxc5 13. O-O Ne6 14. Rfd1 Re8 15. a3 Bxc3 16. Bxc3 Ne4 17. Qc6 Nxc3 18. bxc3 Qa5 19. Ra1 Nc7 20. Nf4 Rac8 21. Nxd5 Nxd5 22. Qxd5 Qxc3 23. Rdc1 Qa5 24. Ra2 Red8 25. Qc4 Rd2 26. Rxd2 Qxd2 27. g3 g6 28. Kg2 Qd7 29. h4 h5 30. e4 Re8 31. Qd5 Qxd5 32. exd5 Rc8 33. d6 Kg7 34. d7 Rd8 35. Rxc5 Rxd7 36. Ra5 Rc7 37. Ra6 Rb7 38. a4 Re7 39. a5 Kf8 40. Kf3 Kg7 41. Kf4 Kf8 42. f3 Kg7 43. g4 hxg4 44. fxg4 Rb7 45. h5 f6 46. g5 fxg5+ 47. Kxg5 gxh5 48. Kxh5 Kf7 49. Kg4 Ke8 50. Kf5 Kd7 51. Ke4 Kc7 52. Kd4 Rb5 53. Rxa7+ Kb8 54. Ra6 Kb7 55. Rb6+ Rxb6 56. axb6 Kxb6 1/2-1/2

[Event "Superbet Poland Rapid 2024"]
[Site "Warsaw POL"]
[Date "2024.05.08"]
[Round "3"]
[White "Arjun Erigaisi"]
[Black "Wei Yi"]
[Result "1/2-1/2"]
[EventDate "2024.05.08"]
[WhiteElo "2762"]
[BlackElo "2755"]
[PlyCount "94"]

1. d4 Nf6 2. c4 e6 3. Bf4 Bb4+ 4. Nd2 c5 5. e3 d5 6. dxc5 Bxc5 7. Ngf3 O-O 8. cxd5 Nxd5 9. Bg3 b6 10. Rc1 Bb7 11. Bc4 Nd7 12. O-O a6 13. Qe2 b5 14. Bd3 N5f6 15. Ng5 Rc8 16. Nge4 Qb6 17. Nxc5 Nxc5 18. Bb1 Rfd8 19. Rfd1 h6 20. h3 Nce4 21. Rxc8 Rxc8 22. Be5 Nxd2 23. Qxd2 Qc5 24. Qd8+ Rxd8 25. Rxd8+ Qf8 26. Rxf8+ Kxf8 27. f3 Ne8 28. Kf2 f6 29. Bc3 Ke7 30. e4 e5 31. Ke3 Nc7 32. h4 Ne6 33. g3 g5 34. hxg5 hxg5 35. Bd3 Kd7 36. Bf1 g4 37. f4 exf4+ 38. gxf4 Nc5 39. Bxf6 Nxe4 40. Bh4 Nd6 41. Bd3 Ke6 42. Be1 Nf5+ 43. Bxf5+ Kxf5 44. Bg3 Bc6 45. Be1 Bb7 46. Bg3 Bc6 47. Be1 Bb7 1/2-1/2

[Event "Menorca Open"]
[Site "Ciutadella de Menorca ESP"]
[Date "2024.04.06"]
[Round "7.2"]
[White "Anand Pranav"]
[Black "Erigaisi Arjun"]
[Result "0-1"]
[EventDate "?"]
[WhiteElo "2519"]
[BlackElo "2756"]
[PlyCount "90"]

1. e4 c5 2. Nf3 g6 3. d4 cxd4 4. Nxd4 Nc6 5. Nc3 Bg7 6. Be3 Nf6 7. Nxc6 bxc6 8. e5 Ng8 9. Bd4 Qa5 10. e6 Nf6 11. exf7+ Kxf7 12. Bc4+ d5 13. Be2 Qc7 14. O-O e5 15. Bc5 Re8 16. f3 Kg8 17. Qd2 Bf5 18. b4 Rad8 19. Rae1 h5 20. Ba6 Kh7 21. Kh1 Bh6 22. Qf2 Nd7 23. Na4 Nxc5 24. Qxc5 h4 25. Qf2 Bg5 26. c3 e4 27. f4 Bf6 28. h3 Rf8 29. Rc1 g5 30. Rce1 Kg6 31. b5 cxb5 32. Bxb5 Rb8 33. c4 dxc4 34. fxg5 Bxg5 35. Nc3 Qe5 36. Qc2 e3 37. Rxf5 Qxf5 38. Qa4 e2 39. Qxc4 Rxb5 40. Qxe2 Re5 41. Qxe5 Qxe5 42. Rxe5 Rf1+ 43. Kh2 Bf4+ 44. g3 hxg3+ 45. Kg2 Rf2+ 0-1

[Event "Menorca Open"]
[Site "Ciutadella de Menorca ESP"]
[Date "2024.04.06"]
[Round "8.1"]
[White "Erigaisi Arjun"]
[Black "Aryan Chopra"]
[Result "1-0"]
[EventDate "?"]
[WhiteElo "2756"]
[BlackElo "2630"]
[PlyCount "114"]

1. d4 Nf6 2. c4 e6 3. Nf3 d5 4. Nc3 c5 5. cxd5 Nxd5 6. e4 Nxc3 7. bxc3 cxd4 8. cxd4 Bb4+ 9. Bd2 Bxd2+ 10. Qxd2 O-O 11. Bc4 Nd7 12. O-O b6 13. Rac1 Bb7 14. d5 Nc5 15. Rfe1 Qf6 16. Qe3 Rad8 17. Rcd1 exd5 18. exd5 Rd6 19. h3 h6 20. Rd4 a6 21. a3 Qd8 22. Ba2 Qc7 23. Qe5 Bc8 24. Qg3 Qd8 25. Ne5 Qg5 26. Qxg5 hxg5 27. Nc4 Rf6 28. Re7 Rd8 29. Ne5 Kf8 30. Rc7 Bd7 31. d6 Rf5 32. Nxd7+ Nxd7 33. Re4 Nc5 34. Ree7 Rxd6 35. Rxf7+ Rxf7 36. Rxf7+ Ke8 37. Rxg7 Rd1+ 38. Kh2 Rd2 39. Bc4 Rxf2 40. Rxg5 Rf4 41. Bd5 Rd4 42. g4 Rd2+ 43. Kg1 Rd1+ 44. Kg2 Rd2+ 45. Kf1 Ke7 46. h4 Kf6 47. Rf5+ Kg6 48. h5+ Kh6 49. Bf3 Kg7 50. g5 a5 51. Rf6 b5 52. h6+ Kh7 53. Bg4 Rd8 54. Bf5+ Kg8 55. g6 b4 56. axb4 axb4 57. h7+ 1-0

[Event "Menorca Open"]
[Site "Ciutadella de Menorca ESP"]
[Date "2024.04.05"]
[Round "6.4"]
[White "Erigaisi Arjun"]
[Black "Raja Rithvik R"]
[Result "1-0"]
[EventDate "?"]
[WhiteElo "2756"]
[BlackElo "2532"]
[PlyCount "96"]

1. e4 e5 2. Nf3 Nc6 3. Bc4 Bc5 4. c3 Nf6 5. d3 O-O 6. O-O h6 7. b4 Be7 8. Re1 a6 9. a4 d5 10. exd5 Nxd5 11. Nbd2 Bf5 12. Nxe5 Nxe5 13. Rxe5 Be6 14. Ne4 c6 15. a5 Qd7 16. Qe1 Rae8 17. Nc5 Bxc5 18. bxc5 Bf5 19. Bd2 Rxe5 20. Qxe5 Re8 21. Qg3 Re6 22. f3 Re2 23. Rd1 Qe7 24. d4 Re6 25. h4 Qd8 26. Re1 Kh7 27. Ra1 Qe8 28. Qf2 h5 29. Re1 Qd8 30. Rxe6 fxe6 31. Bf1 Ne7 32. Bg5 Qc7 33. Qb2 Ng6 34. Qb6 Qd7 35. Qa7 e5 36. Qb8 exd4 37. Bc4 Ne7 38. Qe5 Ng6 39. Qxd4 Qc7 40. Kf2 Qxa5 41. g4 hxg4 42. fxg4 Bb1 43. h5 Nf8 44. Be7 Qc7 45. Bxf8 Qh2+ 46. Ke1 Qh4+ 47. Kd1 Qh1+ 48. Kd2 1-0

[Event "Menorca Open"]
[Site "Ciutadella de Menorca ESP"]
[Date "2024.04.04"]
[Round "4.5"]
[White "Erigaisi Arjun"]
[Black "Roven Vogel"]
[Result "1-0"]
[EventDate "?"]
[WhiteElo "2756"]
[BlackElo "2528"]
[PlyCount "72"]

1. e4 e5 2. Nf3 Nc6 3. Bb5 a6 4. Ba4 Nf6 5. O-O Be7 6. Re1 b5 7. Bb3 O-O 8. h3 Bb7 9. d3 d6 10. a3 Nb8 11. Nbd2 Nbd7 12. Nf1 Re8 13. Ng3 h6 14. Ba2 Bf8 15. Nh4 Nc5 16. Ng6 Ne6 17. Nxf8 Nxf8 18. f4 exf4 19. Bxf4 Ng6 20. Rf1 d5 21. Nh5 Re6 22. Bd2 c5 23. exd5 Bxd5 24. Bxd5 Nxd5 25. Qf3 Ra7 26. Rae1 Rxe1 27. Rxe1 c4 28. dxc4 bxc4 29. Bc3 Nh4 30. Qf2 Rb7 31. Nxg7 Qg5 32. Re8+ Kh7 33. Rh8+ Kg6 34. Ne6 Qc1+ 35. Kh2 Nxc3 36. Rg8+ 1-0

[Event "Menorca Open"]
[Site "Ciutadella de Menorca ESP"]
[Date "2024.04.03"]
[Round "3.23"]
[White "Yihan Ha"]
[Black "Erigaisi Arjun"]
[Result "0-1"]
[EventDate "?"]
[WhiteElo "1865"]
[BlackElo "2756"]
[PlyCount "96"]

1. d4 Nf6 2. c4 b6 3. Nc3 Bb7 4. Qc2 Nc6 5. d5 Nb4 6. Qb3 e6 7. a3 Na6 8. e4 exd5 9. exd5 Bd6 10. Be2 O-O 11. Nf3 c6 12. dxc6 Bxc6 13. O-O Ng4 14. h3 Ne5 15. Nxe5 Bxe5 16. Be3 Re8 17. Rad1 Rc8 18. Nb5 Nc5 19. Qc2 Qf6 20. Nd4 Be4 21. Qd2 Bxd4 22. Bxd4 Qg6 23. f3 Bc2 24. Rde1 Nb3 25. Qc3 d5 26. Bxg7 Qxg7 27. Qxc2 Qd4+ 28. Kh1 Nd2 29. Rg1 dxc4 30. Bd1 Rxe1 31. Rxe1 Rc5 32. Re2 Rd5 33. Re8+ Kg7 34. Be2 b5 35. Qc1 a5 36. Qe1 Qf4 37. Bd1 b4 38. axb4 axb4 39. Qe7 Qd6 40. Qxd6 Rxd6 41. Kg1 b3 42. Rc8 Nb1 43. Be2 c3 44. bxc3 b2 45. Rb8 Rd2 46. Bd3 Rxd3 47. Rxb2 Nxc3 48. Rb7 Rd2 0-1

[Event "Menorca Open"]
[Site "Ciutadella de Menorca ESP"]
[Date "2024.04.02"]
[Round "1.1"]
[White "Eugene Rebers"]
[Black "Erigaisi Arjun"]
[Result "0-1"]
[EventDate "?"]
[WhiteElo "2217"]
[BlackElo "2756"]
[PlyCount "60"]

1. c4 e5 2. g3 d6 3. Nc3 f5 4. d4 Be7 5. Bg2 c6 6. dxe5 dxe5 7. Qxd8+ Bxd8 8. Nf3 Bc7 9. e4 Nf6 10. O-O O-O 11. b3 Na6 12. Ba3 Rd8 13. exf5 Bxf5 14. Ng5 Rd4 15. Na4 Rad8 16. Nf3 Rd3 17. Nc5 Nxc5 18. Bxc5 e4 19. Nh4 Bc8 20. Be7 Re8 21. Bxf6 gxf6 22. Rfe1 f5 23. Rad1 Rxd1 24. Rxd1 Kf7 25. Kf1 Kf6 26. Ke2 f4 27. f3 fxg3 28. fxe4 gxh2 29. Rf1+ Kg5 30. Nf5 Rd8 0-1

[Event "GRENKE Chess Open 2024"]
[Site "Karlsruhe GER"]
[Date "2024.04.01"]
[Round "9.1"]
[White "Ivan Saric"]
[Black "Arjun Erigaisi"]
[Result "1/2-1/2"]
[EventDate "2024.03.28"]
[WhiteElo "2670"]
[BlackElo "2748"]
[PlyCount "86"]

1. e4 c5 2. Nf3 e6 3. d4 cxd4 4. Nxd4 Nc6 5. Nc3 Qc7 6. Be3 a6 7. g4 b5 8. Nxc6 Qxc6 9. Qd2 b4 10. Ne2 Qxe4 11. Rg1 Qc6 12. Bg2 d5 13. O-O-O Bb7 14. Kb1 Nf6 15. g5 Ne4 16. Bxe4 dxe4 17. Nf4 g6 18. Qd4 Rg8 19. Rd2 Qb5 20. Rgd1 Be7 21. a4 bxa3 22. c4 Qc6 23. Qe5 axb2 24. Rxb2 Rc8 25. c5 Rf8 26. Rb6 Qc7 27. Rdd6 Ba8 28. h4 Rb8 29. Rxe6 Qxe5 30. Rxe5 Rxb6+ 31. cxb6 Kd7 32. Nd5 Bxd5 33. Rxd5+ Kc6 34. Ra5 Rb8 35. Rxa6 Bc5 36. Bxc5 Kxc5 37. Ra7 Rxb6+ 38. Kc2 f6 39. Rxh7 fxg5 40. hxg5 Kd4 41. Rd7+ Ke5 42. Rf7 Rd6 43. Rf8 1/2-1/2

[Event "GRENKE Chess Open 2024"]
[Site "Karlsruhe GER"]
[Date "2024.04.01"]
[Round "8.3"]
[White "Arjun Erigaisi"]
[Black "Yagiz Kaan Erdogmus"]
[Result "1-0"]
[EventDate "2024.03.28"]
[WhiteElo "2748"]
[BlackElo "2540"]
[PlyCount "196"]

1. d4 Nf6 2. c4 e6 3. Nf3 d5 4. cxd5 exd5 5. Nc3 c6 6. Bf4 Bd6 7. Bxd6 Qxd6 8. e3 O-O 9. Qb3 Nbd7 10. Bd3 Re8 11. O-O b6 12. Rac1 Bb7 13. h3 g6 14. Rfd1 Kg7 15. a3 Rac8 16. Qa4 a5 17. Qb3 Rb8 18. Na4 c5 19. Bb5 Rec8 20. Nc3 Nf8 21. dxc5 bxc5 22. e4 d4 23. e5 Qe7 24. exf6+ Qxf6 25. Nh2 c4 26. Bxc4 Qg5 27. Ng4 Ba6 28. Ne4 Rxb3 29. Nxg5 Rxc4 30. Rxc4 Bxc4 31. Rxd4 Be6 32. Rd2 h6 33. Nxe6+ Nxe6 34. Kf1 Nf4 35. Ne5 Rb5 36. Nc4 Rc5 37. Ne3 f5 38. h4 a4 39. g3 Ne6 40. Rd6 Kf7 41. Ke2 f4 42. gxf4 Rb5 43. Nc4 Rc5 44. Ne3 Rb5 45. Rd7+ Ke8 46. Rd2 Nxf4+ 47. Kf3 Ne6 48. Nd5 Rb3+ 49. Ke4 Rh3 50. Ke5 Kf7 51. Nb4 Rxh4 52. Rd7+ Ke8 53. Ra7 Nc5 54. f3 Nd7+ 55. Ke6 Nc5+ 56. Kd6 Nb3 57. Rxa4 Rd4+ 58. Ke5 Rd2 59. Ra8+ Kd7 60. Ra7+ Kc8 61. Ra6 Rxb2 62. Rxg6 Nd2 63. Rg8+ Kd7 64. Rg7+ Kc8 65. f4 Nc4+ 66. Kf6 Nxa3 67. Nd5 Nb5 68. Rh7 Rf2 69. Kf5 Rh2 70. Kg6 Rg2+ 71. Kf7 Rf2 72. Rxh6 Kd7 73. Nf6+ Kc8 74. Rh8+ Kb7 75. Rh4 Nd4 76. Ne4 Nf5 77. Nxf2 Nxh4 78. Ke6 Kc7 79. Nd3 Kd8 80. Ne1 Ng6 81. f5 Ne7 82. f6 Ke8 83. Nf3 Ng6 84. Kf5 Nf8 85. Ne5 Kd8 86. Ng6 Nh7 87. f7 Kd7 88. Ne5+ Ke7 89. Kg6 Nf6 90. Nc6+ Kf8 91. Nd4 Nd7 92. Nf3 Nf6 93. Ne5 Ke7 94. Nc4 Kf8 95. Nb6 Nh7 96. Nd7+ Ke7 97. Kg7 Ke6 98. Nf8+ 1-0

[Event "GRENKE Chess Open 2024"]
[Site "Karlsruhe GER"]
[Date "2024.03.31"]
[Round "6.4"]
[White "Arjun Erigaisi"]
[Black "Roven Vogel"]
[Result "1-0"]
[EventDate "2024.03.28"]
[WhiteElo "2748"]
[BlackElo "2521"]
[PlyCount "118"]

1. e4 c5 2. Nf3 d6 3. d4 cxd4 4. Qxd4 Nc6 5. Qe3 g6 6. h3 Bg7 7. Bc4 Nf6 8. Nc3 O-O 9. O-O Nd7 10. Rd1 Nb6 11. Bb3 Be6 12. Qf4 Bxb3 13. cxb3 e5 14. Qg3 Nd4 15. Be3 Nc2 16. Bg5 Qe8 17. Rac1 Nd4 18. Be3 f5 19. exf5 Nxf5 20. Qg4 Rc8 21. Bxb6 axb6 22. Qe4 Rc6 23. Nd5 Bh6 24. Rc3 Qf7 25. Kh1 Kh8 26. a4 Bg7 27. b4 Nd4 28. Nxd4 Rxc3 29. bxc3 exd4 30. cxd4 Qxf2 31. b5 Bh6 32. Nxb6 Bf4 33. Qf3 Qc2 34. Qd3 Qc7 35. Nd5 Qf7 36. Qf3 Bg5 37. Rf1 Qxf3 38. Rxf3 Ra8 39. Nb6 Re8 40. Rf7 Be3 41. Rxb7 Bxd4 42. a5 h5 43. h4 Re1+ 44. Kh2 g5 45. g3 g4 46. Rd7 Re2+ 47. Kh1 Re1+ 48. Kg2 Re2+ 49. Kf1 Rf2+ 50. Ke1 Ra2 51. Nc4 Bf2+ 52. Kd1 Bxg3 53. b6 Bf4 54. b7 d5 55. Nd6 Rb2 56. Rd8+ Kh7 57. b8=Q Rxb8 58. Rxb8 Bxd6 59. Rb7+ 1-0

[Event "GRENKE Chess Open 2024"]
[Site "Karlsruhe GER"]
[Date "2024.03.31"]
[Round "7.2"]
[White "Frederik Svane"]
[Black "Arjun Erigaisi"]
[Result "1/2-1/2"]
[EventDate "2024.03.28"]
[WhiteElo "2617"]
[BlackElo "2748"]
[PlyCount "64"]

1. e4 c5 2. Nf3 e6 3. d4 cxd4 4. Nxd4 Nf6 5. Nc3 Bb4 6. e5 Nd5 7. Qg4 Kf8 8. Bd2 h5 9. Qg3 h4 10. Qd3 Nxc3 11. Bxc3 Qa5 12. Qe3 Bxc3+ 13. bxc3 Nc6 14. Nxc6 bxc6 15. Be2 Ba6 16. Bxa6 Qxa6 17. Rd1 h3 18. g3 Qxa2 19. Rxd7 Qxc2 20. O-O Qf5 21. Rd4 g5 22. g4 Qg6 23. f4 gxf4 24. Rdxf4 Rh7 25. Qf3 Kg8 26. Qxc6 Rd8 27. Qe4 Qxe4 28. Rxe4 Kg7 29. Kf2 Rd2+ 30. Re2 Rd3 31. Re3 Rd2+ 32. Re2 1/2-1/2

[Event "GRENKE Chess Open 2024"]
[Site "Karlsruhe GER"]
[Date "2024.03.30"]
[Round "4.17"]
[White "Arjun Erigaisi"]
[Black "Nico Stelmaszyk"]
[Result "1-0"]
[EventDate "2024.03.28"]
[WhiteElo "2748"]
[BlackElo "2347"]
[PlyCount "48"]

1. d4 d5 2. Nf3 Nf6 3. c3 c5 4. dxc5 e6 5. Be3 a5 6. c4 Nbd7 7. cxd5 Nxd5 8. Bd4 Nxc5 9. e3 Ne4 10. Bb5+ Bd7 11. Bxd7+ Qxd7 12. O-O f6 13. Nbd2 Nxd2 14. Nxd2 Bb4 15. e4 Ne7 16. Nc4 Ra6 17. a3 Bd6 18. Qh5+ g6 19. Qh6 Kf7 20. Rad1 Ng8 21. Qe3 Qc7 22. Nxd6+ Rxd6 23. Qf4 Qd7 24. Bxf6 1-0

[Event "GRENKE Chess Open 2024"]
[Site "Karlsruhe GER"]
[Date "2024.03.30"]
[Round "5.5"]
[White "Michael Fedorovsky"]
[Black "Arjun Erigaisi"]
[Result "0-1"]
[EventDate "2024.03.28"]
[WhiteElo "2419"]
[BlackElo "2748"]
[PlyCount "132"]

1. d4 d5 2. c4 e6 3. Nf3 Nf6 4. Nc3 Nbd7 5. Bf4 Bb4 6. Qb3 c5 7. cxd5 exd5 8. dxc5 a5 9. a3 Nxc5 10. Qc2 Bxc3+ 11. Qxc3 Ne6 12. e3 O-O 13. Bb5 Ne4 14. Qd3 Nxf4 15. exf4 Bf5 16. Nd4 Nxf2 17. Qxf5 Nxh1 18. Ke2 Qb6 19. Rd1 Rac8 20. Qd3 Rfd8 21. b3 Qd6 22. Rxh1 Qxa3 23. Re1 Rc1 24. Rxc1 Qxc1 25. Qe3 Qh1 26. Qg3 Rc8 27. Bd3 Re8+ 28. Kd2 Qg1 29. Nf5 Qa1 30. Bc2 b5 31. Nd6 Qd4+ 32. Kc1 Re2 33. Kb1 Qd2 34. Qd3 Qxd3 35. Bxd3 Rxg2 36. Bxb5 Rxh2 37. Nb7 h5 38. Nxa5 h4 39. Bc6 h3 40. Bxd5 Rd2 41. Bc6 h2 42. Kc1 Rd6 43. Bh1 Rg6 44. Kc2 Rg1 45. Bd5 Kf8 46. Nc6 Ke8 47. Ne5 f6 48. Nd3 h1=Q 49. Bxh1 Rxh1 50. Kc3 Kd7 51. Kd4 Kd6 52. Ke4 g6 53. Kd4 Rh4 54. Ke4 Rh8 55. Kd4 Re8 56. b4 Kc6 57. Nc5 Kb5 58. Ne4 Rd8+ 59. Kc3 f5 60. Ng5 Re8 61. Nf7 Re3+ 62. Kd2 Rf3 63. Ne5 Rxf4 64. Nxg6 Re4 65. Kc3 f4 66. Kd3 f3 0-1

[Event "GRENKE Chess Open 2024"]
[Site "Karlsruhe GER"]
[Date "2024.03.29"]
[Round "2.1"]
[White "Arjun Erigaisi"]
[Black "Henry Edward Tudor"]
[Result "1/2-1/2"]
[EventDate "2024.03.28"]
[WhiteElo "2748"]
[BlackElo "2262"]
[PlyCount "272"]

1. d4 Nf6 2. c4 e6 3. Nc3 Bb4 4. e3 O-O 5. Bd3 d5 6. cxd5 exd5 7. a3 Bd6 8. Qc2 Na6 9. b4 c6 10. b5 Nb8 11. a4 a6 12. Rb1 axb5 13. axb5 Nbd7 14. bxc6 bxc6 15. Nf3 Ba6 16. O-O Bxd3 17. Qxd3 Re8 18. Bb2 Ne4 19. Qc2 Ra5 20. Rfc1 Re6 21. h3 g5 22. Nxe4 dxe4 23. d5 Rxd5 24. Nd4 Rg6 25. Qxe4 Nf6 26. Qf3 c5 27. Nf5 Be5 28. Rd1 Bxb2 29. Rxd5 Nxd5 30. Rxb2 Ne7 31. Rd2 Qf8 32. Qd1 Nxf5 33. Rd8 Nd6 34. Rxf8+ Kxf8 35. Qd5 c4 36. e4 Re6 37. f3 h6 38. Kf2 Ke7 39. Qc5 Kd7 40. e5 Nf5 41. Qxc4 Rxe5 42. Qxf7+ Ne7 43. g4 Re6 44. Kg3 Rb6 45. h4 Ra6 46. Qc4 Rg6 47. Kf2 Ke8 48. Ke3 Kf8 49. Qc5 Kf7 50. Kf2 Rc6 51. Qe5 Re6 52. Qb5 Rg6 53. Kg3 Kf8 54. Qe5 Kf7 55. Qh8 Rf6 56. Qa8 Rg6 57. Qa2+ Kg7 58. Qb2+ Kf7 59. Qd4 Rc6 60. Qd2 Rg6 61. Qe3 Kf8 62. Qe5 Kf7 63. Qe4 Kf8 64. Qa8+ Kf7 65. Qh8 Rf6 66. Kg2 Rg6 67. Qh7+ Kf8 68. Kf2 Re6 69. Qd3 Rg6 70. Kg3 Kf7 71. Qd2 Kg7 72. Qd8 Kf7 73. f4 gxf4+ 74. Kxf4 Rf6+ 75. Kg3 Rg6 76. Qh8 Rf6 77. Kh3 Re6 78. Kg2 Rf6 79. Kg3 Re6 80. Qh7+ Kf8 81. Kf4 Rf6+ 82. Ke5 Ra6 83. Ke4 Re6+ 84. Kd4 Rd6+ 85. Kc5 Rc6+ 86. Kb5 Rf6 87. Kc5 Rc6+ 88. Kd4 Re6 89. Kd3 Rd6+ 90. Ke4 Re6+ 91. Kf4 Rf6+ 92. Ke5 Ra6 93. h5 Ng8 94. Qb7 Ra1 95. Qb4+ Kg7 96. Kf5 Rf1+ 97. Ke5 Rf7 98. Qc3 Rf6 99. Qb2 Rf7 100. Qb6 Rf6 101. Qb1 Kh8 102. Qb7 Rf8 103. Qd7 Rf1 104. Qb5 Rf7 105. Qb2 Kg7 106. Qa1 Rf6 107. Qb1 Kh8 108. Qa2 Rf8 109. Qe6 Rf1 110. Qg6 Re1+ 111. Kd6 Rd1+ 112. Kc7 Rc1+ 113. Kd7 Rd1+ 114. Ke6 Re1+ 115. Kd6 Rd1+ 116. Ke5 Re1+ 117. Kf4 Rf1+ 118. Kg3 Rf6 119. Qd3 Kg7 120. Qd4 Kh7 121. Qd7+ Kh8 122. g5 hxg5 123. Kg4 Rh6 124. Qd4+ Kh7 125. Kxg5 Rf6 126. Qe5 Rh6 127. Qc7+ Kh8 128. Qa7 Rf6 129. Qa1 Kh7 130. Qb1+ Kh8 131. Qb2 Kh7 132. Qc2+ Kh8 133. Qc3 Kh7 134. Qd3+ Kh8 135. Qd4 Kh7 136. Qe5 Rh6 1/2-1/2

[Event "GRENKE Chess Open 2024"]
[Site "Karlsruhe GER"]
[Date "2024.03.28"]
[Round "1.1"]
[White "Pascal Hell"]
[Black "Arjun Erigaisi"]
[Result "0-1"]
[EventDate "2024.03.28"]
[WhiteElo "2127"]
[BlackElo "2748"]
[PlyCount "48"]

1. Nf3 Nf6 2. c4 b6 3. g3 Bb7 4. Bg2 g6 5. O-O Bg7 6. d4 O-O 7. Nc3 Ne4 8. Nxe4 Bxe4 9. Ne1 Bxg2 10. Nxg2 c5 11. d5 d6 12. e4 Nd7 13. a4 a6 14. Qc2 b5 15. axb5 axb5 16. Rxa8 Qxa8 17. cxb5 Rb8 18. Bd2 Qa2 19. Qb1 Qxb1 20. Rxb1 Rxb5 21. Bc1 Rb4 22. Ra1 Rxe4 23. Ne3 f5 24. f3 Re5 0-1

[Event "Shenzhen Masters"]
[Site "Shenzhen CHN"]
[Date "2024.03.07"]
[Round "7.4"]
[White "Daniil Dubov"]
[Black "Arjun Erigaisi"]
[Result "1/2-1/2"]
[EventDate "?"]
[WhiteElo "2708"]
[BlackElo "2738"]
[PlyCount "62"]

1. d4 d5 2. c4 c6 3. Nf3 Nf6 4. Qb3 e6 5. g3 c5 6. cxd5 exd5 7. Bg2 c4 8. Qc2 Nc6 9. O-O Be7 10. Nc3 O-O 11. Bg5 Be6 12. Rad1 h6 13. Bxf6 Bxf6 14. a3 Qb6 15. e3 Rad8 16. Nd2 Qa6 17. b3 cxb3 18. Qxb3 Na5 19. Qa2 Qd6 20. Rb1 a6 21. Nb3 Nxb3 22. Qxb3 Rd7 23. Na4 b5 24. Nc5 Rc7 25. a4 Rb8 26. Qd3 Bd7 27. Rfc1 Rbc8 28. axb5 Bxb5 29. Qd2 Be7 30. Qa2 Qf6 31. Qxd5 1/2-1/2